Technological advances in market milk (Record no. 741)

MARC details
000 -LEADER
fixed length control field 00841 a2200229 4500
008 - FIXED-LENGTH DATA ELEMENTS--GENERAL INFORMATION
fixed length control field 080820t xxu||||| |||| 00| 0 eng d
010 ## - LIBRARY OF CONGRESS CONTROL NUMBER
LC control number ENG-84915
020 ## - INTERNATIONAL STANDARD BOOK NUMBER
International Standard Book Number 8122504140
Terms of availability 600.00
035 ## - SYSTEM CONTROL NUMBER
System control number EN-68448
037 ## - SOURCE OF ACQUISITION
Source of stock number/acquisition D.B.Act / Pub
082 ## - DEWEY DECIMAL CLASSIFICATION NUMBER
Classification number 637.1
100 ## - MAIN ENTRY--PERSONAL NAME
Personal name David, J.
245 ## - TITLE STATEMENT
Title Technological advances in market milk
Statement of responsibility, etc by J. David
250 ## - EDITION STATEMENT
Edition statement 1st ed.
260 ## - PUBLICATION, DISTRIBUTION, ETC. (IMPRINT)
Place of publication, distribution, etc New Delhi
Name of publisher, distributor, etc Kitab Mahal
Date of publication, distribution, etc 2006
270 ## - ADDRESS
Address 28,Netaji Subhash Marg
City Delhi
State or province New Delhi
Postal code 110002
Telephone number 23273230
300 ## - PHYSICAL DESCRIPTION
Extent xiii, 378 p
Dimensions 22 cm (Hb)
500 ## - GENERAL NOTE
General note Includes bibliographical references and index
650 ## - SUBJECT ADDED ENTRY--TOPICAL TERM
Topical term or geographic name as entry element Milk
General subdivision market
942 ## - ADDED ENTRY ELEMENTS (KOHA)
Institution code [OBSOLETE] dpl
Koha item type English Books
Call number prefix 637.1 / DAV
Source of classification or shelving scheme Dewey Decimal Classification
Classification part 637.1
Call number suffix DAV
Holdings
Withdrawn status Lost status Damaged status Not for loan Home library Current library Date acquired Cost, normal purchase price Total Checkouts Full call number Barcode Date last seen Copy number Uniform Resource Identifier Cost, replacement price Price effective from Koha item type
        D.B.Act.Division D.B.Act.Division 20/08/2008 600.00   637.1 DAV EN-68448 15/09/2008 1 722 600.00 15/09/2008 English Books

© Delhi Public Library
Hit Counter
free hit counter